000 00738nam a2200217 a 4500
003 0
005 20250225145955.0
008 100826s19uu xx 00 eng d
050 _aPGS TP 935
_b.F578 2010
100 _aFlameño, Lorenzo Antonio P.
245 _aA study on the quality of mangosteen ink /
_cLorenzo Antonio P. Flameño.
260 _aLas Piñas City, Philippines :
_bSouthville International School and Colleges,
_c2010.
300 _a18 pages :
_bcolored illustrations ;
_c28 cm.
504 _aIncludes bibliographical references.
650 _aMangosteen
_vInk.
650 _aInk
_vQuality.
650 _aNatural dyes.
650 _aPlant-based inks.
650 _aPigments
_vNatural sources.
942 _2lcc
_cPASS
999 _c98360
_d98360